| 000 | 00700nam a2200193Ia 4500 | ||
|---|---|---|---|
| 005 | 20250508151551.0 | ||
| 008 | 008 250505s9999 xx 000 0 eng d | ||
| 037 | _aTextual | ||
| 040 |
_aFEDL _beng _cFEDL |
||
| 041 |
_aeng _2eng |
||
| 084 |
_a155.423, ROB _qFEDL |
||
| 100 |
_aRoberts Katherine Elliott _9759519 |
||
| 245 | 0 | _aLearning in perschool and orphanage children : An experimental study of ability to solve different situations according to the same plan | |
| 260 |
_aIowa _bUniversity of Iowa _c1933 |
||
| 546 | _aUniversity of Iowa studies in child welfare. volme 7 no. 3 | ||
| 650 | _aChild Psychology | ||
| 942 |
_cTEXL _h155.423, ROB |
||
| 999 |
_c1330674 _d1330674 |
||